000 00403 a2200109 4500
001 ART_41857
005 20260410162024.0
008 260409a
245 1 0 _aTres décadas de cuantificación de la población indígena en Chile a través de los censos
100 1 _aValdés Castillo, Marcos Rodrigo
773 0 _tNotas de población
_g- Año XLIII, Nº 103 (jul./dic. 2016)
_wREV41841
999 _c33363
_d33363